000 02602cam a2200325 4500500
005 20260329013526.0
041 _afre
042 _adc
100 1 0 _aFilliettaz, Laurent
_eauthor
700 1 0 _aMornata, Cecilia
_eauthor
245 0 0 _a« Nous on imite des comportements pour mieux les comprendre ! » : multimodalité et mimétisme dans le travail interactionnel des éducateurs spécialisés
260 _c2026.
500 _a14
520 _aCet article aborde la problématique de l’adoption de comportements mimétiques en tant qu’ils constituent un trait particulier de la professionnalité des éducateurs spécialisés dans le domaine de l’autisme. L’article cherche à comprendre les rôles et les usages des différents modes sémiotiques et leur articulation pour appréhender la compétence d’interaction consistant à s’ajuster à l’autre, dans des logiques de ressemblance. A partir d’une analyse des traces enregistrées de séquences de co-analyse impliquant des éducateurs spécialisés en formation, nous nous appliquons à montrer comment le dispositif de l’analyse collective permet aux participants de s’orienter vers la part interactionnelle de leur travail d’accompagnement.
520 _aThis paper examines how a training method based on interaction analysis has been implemented in the context of the continuing education of special needs educators working in the field of autism. The paper investigates a corpus of audio-video recordings of data sessions in professional training, in which special needs educators working with patients with autism spectrum disorder (ASD) reflect on their work. Based on an analysis of recorded excerpts of co-analysis sessions, we show how participants orient their attention toward fine-grained multimodal details of their interactional competence. The paper focuses on the mimetic behaviors by which participants involved in the process of analyzing video data reenact embodied actions as they are visible in the recorded work activities.
690 _aautisme
690 _acompétence interactionnelle
690 _aéducation spécialisée
690 _amimétisme
690 _amultimodalité
690 _aprofessionnalisation
690 _aautism
690 _ainteractional competence
690 _amimetic actions
690 _amultimodality
690 _aprofessionalization
690 _aspecial needs education
786 0 _nPhronesis | 15 | 1 | 2026-01-04 | p. 26-52
856 4 1 _uhttps://shs.cairn.info/revue-phronesis-2026-1-page-26?lang=fr&redirect-ssocas=7080
999 _c1880962
_d1880962